Analýza elektronického obchodu bakalárska práca

Gespeichert in:
Bibliographische Detailangaben
1. Verfasser: Slodičáková, Paulína
Körperschaft: Fakulta podnikového manažmentu EU. Katedra informačného manažmentu
Weitere Verfasser: Beláňová, Benita, 1973-
Format: Buch
Sprache:Slowakisch
Veröffentlicht: Bratislava 2018
Tags: Tag hinzufügen
Keine Tags, Fügen Sie das erste Tag hinzu!

MARC

LEADER 00000nbm a2200000 4500
001 0244969
005 20180921143951.0
041 0 |a slo 
044 |a SK 
245 1 0 |a Analýza elektronického obchodu  |b bakalárska práca  |c Paulína Slodičáková ; školiteľ: Benita Beláňová 
264 1 |a Bratislava  |c 2018 
300 |a 49 s. 
100 1 |a Slodičáková, Paulína 
700 1 |a Beláňová, Benita, 1973- 
710 2 |a Fakulta podnikového manažmentu EU. Katedra informačného manažmentu